Toán tuổi thơ 2 Trung học Cơ sở

में बचाया:
ग्रंथसूची विवरण
मुख्य लेखक: Bộ giáo dục và đào tạo
स्वरूप: पुस्तक
भाषा:Undetermined
विषय:
ऑनलाइन पहुंच:http://lrc.tdmu.edu.vn/opac/search/detail.asp?aID=2&ID=25319
टैग : टैग जोड़ें
कोई टैग नहीं, इस रिकॉर्ड को टैग करने वाले पहले व्यक्ति बनें!
Thư viện lưu trữ: Trung tâm Học liệu Trường Đại học Thủ Dầu Một
LEADER 00568nam a2200157Ia 4500
001 TDMU_25319
008 210410s9999 xx 000 0 und d
082 |a NULL 
100 |a Bộ giáo dục và đào tạo 
245 0 |a Toán tuổi thơ 2 
245 0 |b Trung học Cơ sở 
245 0 |c Bộ giáo dục và đào tạo 
300 |a 32tr 
650 |a Toán tuổi thơ 2; Toán học; Toán học 
856 |u http://lrc.tdmu.edu.vn/opac/search/detail.asp?aID=2&ID=25319 
980 |a Trung tâm Học liệu Trường Đại học Thủ Dầu Một